000 00463nam a2200169 i 4500
001 78012
003 ES-MaACL
005 20230906173509.0
007 t|
008 041008s1960 sp ||||1| spa d
100 1 _aHamsun, Knut.
_961705
245 1 0 _aBenoni /
_cKnut Hamsun ; [versión de Rafaela Ferro].
260 _a[Barcelona] :
_bCisne,
_c[1960]
300 _a238 p. ;
_c18 cm.
700 1 _aFerro, Rafaela.
_950596
852 _aES-MaACL
_jC-18783
_bR.45813
999 _c78012
_d78012